000 00800ngm a2200337 a 4500
003 OSt
005 20251020182655.0
008 240217s9999 xx 000 0 und d
040 _aPE SENCICO BE
040 _cPE SENCICO BE
041 _aspa
082 _aC014
245 0 _aOperaciones de un plomero: Trazo, nivelación, medición y pendiente /
245 0 _cICIC - México
260 _aMéxico, D.F.
260 _bICIC - México
260 _c1983
300 _a1 VIDEO
300 _bson., Col.
300 _c15'
490 _aINSTALACIONES SANITARIAS
650 _aINSTALACIONES SANITARIAS
650 _aMEDICION
650 _aNIVELACION
650 _aPENDIENTE
650 _aPLOMERO
650 _aTRAZO
651 _aMÉXICO
910 _aila.
942 _cVID
_2ddc
999 _c4649
_d4649